• 首页
  • 本馆介绍
  • 公告通知
  • 最新文献
  • 馆藏检索
  • 电子资源
  • 读者导购
  • 参考咨询
  • 我的图书馆
  • 登录
  • 详细信息显示
  • 放入我的书架
  • 预约/预借图书
  • 作者相关作品
  • 分类相关作品
  • 丛书相关作品
  • 出版社相关作品

书目信息

  • 表格格式
  • 工作单格式
  • 卡片格式
题名:
指南新证
    
 
作者: 黄兴 著
分册:  
出版信息: 济南   山东教育出版社  2020.04
页数: 190页
开本: 25cm
丛书名:
单 册:
中图分类: TH75-092
科图分类:
主题词: 天文仪器
电子资源:
ISBN: 7-5701-0966-X
000 00701nam0 2200217 450
001 2660406437
005 20260309164943.50
010    @a7-5701-0966-X@dCNY72.00
100    @a20260309d2020 km y0chiy0120 ea
101 0  @achi
102    @aCN@b370000
102    @aCN@b370000
200 1  @a指南新证@AZhi Nan Xin Zheng@e中国古代指南针技术实证研究@f黄兴著@FHuang Xing Zhu
210    @a济南@c山东教育出版社@d2020.04
215    @a190页@d25cm
517 1  @a中国古代指南针技术实证研究@AZhong Guo Gu Dai Zhi Nan Zhen Ji Shu Shi Zheng Yan Jiu
606 0  @a天文仪器
690    @aTH75-092@v4
701  0 @a黄兴@AHuang Xing@4著
801  0 @aCN@b大连网信软件有限公司图书馆·11@c20260309
905    @aZUCC@dTH75-092@e73
    
    指南新证:中国古代指南针技术实证研究/黄兴著.-济南:山东教育出版社,2020.04
    190页;25cm
    
    
    ISBN 7-5701-0966-X:CNY72.00
    
●
相关链接 在E读中查询图书 在五车中查询图书 在当当中查询图书 在豆瓣中查询图书


正题名:指南新证     索取号:TH75-092/73         预约/预借

序号 登录号 条形码 馆藏地/架位号 状态 备注
1 1442166   214421669   第二样本阅览室/ [索取号:TH75-092/73] 在馆    
2 1442167   214421678   第三借阅区/ [索取号:TH75-092/73] 在馆    
唐山师范学院图书馆 欢迎您!
大连网信软件有限公司© 版权所有